000 00313nam a2200133Ia 4500
008 210210b1982 xxu||||| |||| 00| 0 eng d
082 _a813.54 WALA
100 _aWALLACE (Irving).
245 _aAlmighty.
260 _aN Y
_bA Dell Book
_c1982
300 _a431
690 _aAmerican Literature
906 _a045055
999 _c94402
_d94402